Environmental catalysis

The study of environmental interfaces and catalysis is central to finding more effective solutions to air pollution and understanding the impact that pollution has on natural systems. Environmental Catalysis covers concepts, applications, techniques, and methods related to a broad range of topics in...

Full beskrivning

Sparad:
Bibliografiska uppgifter
Huvudupphovsman: Grassian, Vicki H
Materialtyp: Bok
Språk:Undetermined
Publicerad: Boca Raton Taylor & Francis 2005
Ämnen:
Taggar: Lägg till en tagg
Inga taggar, Lägg till första taggen!
Thư viện lưu trữ: Trung tâm Học liệu Trường Đại học Cần Thơ
LEADER 01569nam a2200217Ia 4500
001 CTU_100389
008 210402s9999 xx 000 0 und d
020 |c 2523000 
082 |a 541.395 
082 |b G769 
100 |a Grassian, Vicki H 
245 0 |a Environmental catalysis 
245 0 |c Vicki H Grassian 
260 |a Boca Raton 
260 |b Taylor & Francis 
260 |c 2005 
520 |a The study of environmental interfaces and catalysis is central to finding more effective solutions to air pollution and understanding the impact that pollution has on natural systems. Environmental Catalysis covers concepts, applications, techniques, and methods related to a broad range of topics in environmental catalysis, providing a mix of theory, computation, analysis, and synthesis throughout. Divided into three parts, the first focuses on surface adsorption and catalysis of airborne particles, including ice, dust, soot and mineral surfaces as well as particles in contact with ground water. The second treats catalysis as the key technology for the treatment of emissions and waste, focusing on catalytic converters and the role of various catalysts including the use of biocatalysts. The last section focuses on catalysis in engineered systems as applied to green chemistry, using of selective oxidation reactions, enzymes reactions, and reactions in alternative solvents as key examples. 
650 |a Catalysis,Environmental chemistry 
650 |x Environmental aspects 
904 |i Truc 
980 |a Trung tâm Học liệu Trường Đại học Cần Thơ